<?xml version="1.0" encoding="UTF-8"?>
<record
    xmlns:xsi="http://www.w3.org/2001/XMLSchema-instance"
    xsi:schemaLocation="http://www.loc.gov/MARC21/slim http://www.loc.gov/standards/marcxml/schema/MARC21slim.xsd"
    xmlns="http://www.loc.gov/MARC21/slim">

  <leader>01112nam a22002777a 4500</leader>
  <controlfield tag="005">20170719155239.0</controlfield>
  <datafield tag="010" ind1=" " ind2=" ">
    <subfield code="a">1617EN  ENG-117078</subfield>
  </datafield>
  <datafield tag="020" ind1=" " ind2=" ">
    <subfield code="a">9788131710777</subfield>
    <subfield code="c">679.00</subfield>
  </datafield>
  <datafield tag="035" ind1=" " ind2=" ">
    <subfield code="a">B-651720-731</subfield>
  </datafield>
  <datafield tag="035" ind1=" " ind2=" ">
    <subfield code="a">B-666212</subfield>
  </datafield>
  <datafield tag="035" ind1=" " ind2=" ">
    <subfield code="a">EN-100610</subfield>
  </datafield>
  <datafield tag="037" ind1=" " ind2=" ">
    <subfield code="a">dpl</subfield>
    <subfield code="b">Pragati</subfield>
  </datafield>
  <datafield tag="082" ind1=" " ind2=" ">
    <subfield code="a">005.133</subfield>
  </datafield>
  <datafield tag="100" ind1=" " ind2=" ">
    <subfield code="a">Lippman, Stanley B.</subfield>
  </datafield>
  <datafield tag="245" ind1=" " ind2=" ">
    <subfield code="a">C++ primer  /</subfield>
    <subfield code="c">by Stanley B.Lippman; Josee Lajoie [ and]  Barbara E. Moo</subfield>
  </datafield>
  <datafield tag="250" ind1=" " ind2=" ">
    <subfield code="a">4th ed</subfield>
  </datafield>
  <datafield tag="260" ind1=" " ind2=" ">
    <subfield code="a">Noida</subfield>
    <subfield code="b">Pearson</subfield>
    <subfield code="c">2016</subfield>
  </datafield>
  <datafield tag="270" ind1=" " ind2=" ">
    <subfield code="a">7th Floor, Knowledge Boulevard, Sector 62</subfield>
    <subfield code="b">Noida</subfield>
    <subfield code="e">201309 (U.P.) India</subfield>
  </datafield>
  <datafield tag="300" ind1=" " ind2=" ">
    <subfield code="a">xii,885p.</subfield>
    <subfield code="c">25cm(pbk)</subfield>
    <subfield code="b">ill.</subfield>
  </datafield>
  <datafield tag="500" ind1=" " ind2=" ">
    <subfield code="a">includs index</subfield>
  </datafield>
  <datafield tag="700" ind1=" " ind2=" ">
    <subfield code="a">Lajoie, Josee </subfield>
  </datafield>
  <datafield tag="700" ind1=" " ind2=" ">
    <subfield code="a">Moo, Barbara E. </subfield>
  </datafield>
  <datafield tag="942" ind1=" " ind2=" ">
    <subfield code="2">ddc</subfield>
    <subfield code="c">EN</subfield>
    <subfield code="h">005.133</subfield>
    <subfield code="m">LIP</subfield>
  </datafield>
  <datafield tag="999" ind1=" " ind2=" ">
    <subfield code="c">102023</subfield>
    <subfield code="d">102023</subfield>
  </datafield>
  <datafield tag="952" ind1=" " ind2=" ">
    <subfield code="0">0</subfield>
    <subfield code="1">0</subfield>
    <subfield code="4">0</subfield>
    <subfield code="7">0</subfield>
    <subfield code="8">NFIC</subfield>
    <subfield code="a">BN</subfield>
    <subfield code="b">BN</subfield>
    <subfield code="d">2017-01-16</subfield>
    <subfield code="e">DBAD/PUB</subfield>
    <subfield code="g">679.00</subfield>
    <subfield code="l">0</subfield>
    <subfield code="o">005.133 LIP</subfield>
    <subfield code="p">EN-100610</subfield>
    <subfield code="r">2017-01-16 00:00:00</subfield>
    <subfield code="t">1</subfield>
    <subfield code="v">679.00</subfield>
    <subfield code="y">EN</subfield>
  </datafield>
  <datafield tag="952" ind1=" " ind2=" ">
    <subfield code="0">0</subfield>
    <subfield code="1">0</subfield>
    <subfield code="4">0</subfield>
    <subfield code="7">0</subfield>
    <subfield code="8">NFIC</subfield>
    <subfield code="a">L</subfield>
    <subfield code="b">L</subfield>
    <subfield code="d">2017-02-09</subfield>
    <subfield code="e">BPPD/EN/2016-17/300/24.11.2016/IN339/02.12.2016/4.01.17</subfield>
    <subfield code="g">679.00</subfield>
    <subfield code="l">10</subfield>
    <subfield code="o">005.133 LIP</subfield>
    <subfield code="p">B-651720</subfield>
    <subfield code="q">2019-12-28</subfield>
    <subfield code="r">2019-12-14 00:00:00</subfield>
    <subfield code="s">2019-12-14</subfield>
    <subfield code="t">1</subfield>
    <subfield code="v">679.00</subfield>
    <subfield code="w">2017-02-09</subfield>
    <subfield code="y">EN</subfield>
  </datafield>
  <datafield tag="952" ind1=" " ind2=" ">
    <subfield code="0">0</subfield>
    <subfield code="1">0</subfield>
    <subfield code="4">0</subfield>
    <subfield code="7">0</subfield>
    <subfield code="8">NFIC</subfield>
    <subfield code="a">NPL</subfield>
    <subfield code="b">NPL</subfield>
    <subfield code="d">2017-02-09</subfield>
    <subfield code="e">BPPD/EN/2016-17/300/24.11.2016/IN339/02.12.2016/4.01.17</subfield>
    <subfield code="g">679.00</subfield>
    <subfield code="l">1</subfield>
    <subfield code="o">005.133 LIP</subfield>
    <subfield code="p">B-651721</subfield>
    <subfield code="r">2025-08-28 00:00:00</subfield>
    <subfield code="s">2025-08-25</subfield>
    <subfield code="t">1</subfield>
    <subfield code="v">679.00</subfield>
    <subfield code="y">EN</subfield>
  </datafield>
  <datafield tag="952" ind1=" " ind2=" ">
    <subfield code="0">0</subfield>
    <subfield code="1">0</subfield>
    <subfield code="4">0</subfield>
    <subfield code="7">0</subfield>
    <subfield code="8">NFIC</subfield>
    <subfield code="a">BL1</subfield>
    <subfield code="b">BL1</subfield>
    <subfield code="d">2017-02-09</subfield>
    <subfield code="e">BPPD/EN/2016-17/300/24.11.2016/IN339/02.12.2016/4.01.17</subfield>
    <subfield code="g">679.00</subfield>
    <subfield code="l">0</subfield>
    <subfield code="o">005.133 LIP</subfield>
    <subfield code="p">B-651722</subfield>
    <subfield code="r">2017-02-09 00:00:00</subfield>
    <subfield code="t">1</subfield>
    <subfield code="v">679.00</subfield>
    <subfield code="y">EN</subfield>
  </datafield>
  <datafield tag="952" ind1=" " ind2=" ">
    <subfield code="0">0</subfield>
    <subfield code="1">0</subfield>
    <subfield code="4">0</subfield>
    <subfield code="7">0</subfield>
    <subfield code="8">NFIC</subfield>
    <subfield code="a">KGM</subfield>
    <subfield code="b">KGM</subfield>
    <subfield code="d">2017-02-09</subfield>
    <subfield code="e">BPPD/EN/2016-17/300/24.11.2016/IN339/02.12.2016/4.01.17</subfield>
    <subfield code="g">679.00</subfield>
    <subfield code="l">2</subfield>
    <subfield code="m">3</subfield>
    <subfield code="o">005.133 LIP</subfield>
    <subfield code="p">B-651723</subfield>
    <subfield code="r">2022-10-31 00:00:00</subfield>
    <subfield code="s">2022-10-10</subfield>
    <subfield code="t">1</subfield>
    <subfield code="v">679.00</subfield>
    <subfield code="y">EN</subfield>
  </datafield>
  <datafield tag="952" ind1=" " ind2=" ">
    <subfield code="0">0</subfield>
    <subfield code="1">0</subfield>
    <subfield code="4">0</subfield>
    <subfield code="7">0</subfield>
    <subfield code="8">NFIC</subfield>
    <subfield code="a">TN</subfield>
    <subfield code="b">TN</subfield>
    <subfield code="d">2017-02-09</subfield>
    <subfield code="e">BPPD/EN/2016-17/300/24.11.2016/IN339/02.12.2016/4.01.17</subfield>
    <subfield code="g">679.00</subfield>
    <subfield code="l">1</subfield>
    <subfield code="o">005.133 LIP</subfield>
    <subfield code="p">B-651724</subfield>
    <subfield code="r">2021-07-08 00:00:00</subfield>
    <subfield code="s">2021-06-22</subfield>
    <subfield code="t">1</subfield>
    <subfield code="v">679.00</subfield>
    <subfield code="y">EN</subfield>
  </datafield>
  <datafield tag="952" ind1=" " ind2=" ">
    <subfield code="0">0</subfield>
    <subfield code="1">0</subfield>
    <subfield code="4">0</subfield>
    <subfield code="7">0</subfield>
    <subfield code="8">NFIC</subfield>
    <subfield code="a">JP</subfield>
    <subfield code="b">JP</subfield>
    <subfield code="d">2017-02-09</subfield>
    <subfield code="e">BPPD/EN/2016-17/300/24.11.2016/IN339/02.12.2016/4.01.17</subfield>
    <subfield code="g">679.00</subfield>
    <subfield code="l">16</subfield>
    <subfield code="m">6</subfield>
    <subfield code="o">005.133 LIP</subfield>
    <subfield code="p">B-651725</subfield>
    <subfield code="r">2022-01-12 00:00:00</subfield>
    <subfield code="s">2021-12-13</subfield>
    <subfield code="t">1</subfield>
    <subfield code="v">679.00</subfield>
    <subfield code="y">EN</subfield>
  </datafield>
  <datafield tag="952" ind1=" " ind2=" ">
    <subfield code="0">0</subfield>
    <subfield code="1">0</subfield>
    <subfield code="4">0</subfield>
    <subfield code="7">0</subfield>
    <subfield code="8">NFIC</subfield>
    <subfield code="a">ZLS</subfield>
    <subfield code="b">ZLS</subfield>
    <subfield code="d">2017-02-09</subfield>
    <subfield code="e">BPPD/EN/2016-17/300/24.11.2016/IN339/02.12.2016/4.01.17</subfield>
    <subfield code="g">679.00</subfield>
    <subfield code="l">11</subfield>
    <subfield code="m">10</subfield>
    <subfield code="o">005.133 LIP</subfield>
    <subfield code="p">B-651726</subfield>
    <subfield code="r">2024-09-21 00:00:00</subfield>
    <subfield code="s">2024-08-24</subfield>
    <subfield code="t">1</subfield>
    <subfield code="v">679.00</subfield>
    <subfield code="y">EN</subfield>
  </datafield>
  <datafield tag="952" ind1=" " ind2=" ">
    <subfield code="0">0</subfield>
    <subfield code="1">0</subfield>
    <subfield code="4">0</subfield>
    <subfield code="7">0</subfield>
    <subfield code="8">NFIC</subfield>
    <subfield code="a">BN</subfield>
    <subfield code="b">BN</subfield>
    <subfield code="d">2017-02-09</subfield>
    <subfield code="e">BPPD/EN/2016-17/300/24.11.2016/IN339/02.12.2016/4.01.17</subfield>
    <subfield code="g">679.00</subfield>
    <subfield code="l">5</subfield>
    <subfield code="m">1</subfield>
    <subfield code="o">005.133 LIP</subfield>
    <subfield code="p">B-651727</subfield>
    <subfield code="r">2024-09-09 00:00:00</subfield>
    <subfield code="s">2024-07-16</subfield>
    <subfield code="t">1</subfield>
    <subfield code="v">679.00</subfield>
    <subfield code="y">EN</subfield>
  </datafield>
  <datafield tag="952" ind1=" " ind2=" ">
    <subfield code="0">0</subfield>
    <subfield code="1">0</subfield>
    <subfield code="4">0</subfield>
    <subfield code="7">0</subfield>
    <subfield code="8">NFIC</subfield>
    <subfield code="a">NR</subfield>
    <subfield code="b">NR</subfield>
    <subfield code="d">2017-02-09</subfield>
    <subfield code="e">BPPD/EN/2016-17/300/24.11.2016/IN339/02.12.2016/4.01.17</subfield>
    <subfield code="g">679.00</subfield>
    <subfield code="l">0</subfield>
    <subfield code="o">005.133 LIP</subfield>
    <subfield code="p">B-651728</subfield>
    <subfield code="r">2017-02-09 00:00:00</subfield>
    <subfield code="t">1</subfield>
    <subfield code="v">679.00</subfield>
    <subfield code="y">EN</subfield>
  </datafield>
  <datafield tag="952" ind1=" " ind2=" ">
    <subfield code="0">0</subfield>
    <subfield code="1">0</subfield>
    <subfield code="4">0</subfield>
    <subfield code="7">0</subfield>
    <subfield code="8">NFIC</subfield>
    <subfield code="a">BN</subfield>
    <subfield code="b">BN</subfield>
    <subfield code="d">2017-02-09</subfield>
    <subfield code="e">BPPD/EN/2016-17/300/24.11.2016/IN339/02.12.2016/4.01.17</subfield>
    <subfield code="g">679.00</subfield>
    <subfield code="l">1</subfield>
    <subfield code="o">005.133 LIP</subfield>
    <subfield code="p">B-651729</subfield>
    <subfield code="r">2021-11-15 00:00:00</subfield>
    <subfield code="s">2021-11-09</subfield>
    <subfield code="t">1</subfield>
    <subfield code="v">679.00</subfield>
    <subfield code="y">EN</subfield>
  </datafield>
  <datafield tag="952" ind1=" " ind2=" ">
    <subfield code="0">0</subfield>
    <subfield code="1">0</subfield>
    <subfield code="4">0</subfield>
    <subfield code="7">0</subfield>
    <subfield code="8">NFIC</subfield>
    <subfield code="a">BL4</subfield>
    <subfield code="b">BL4</subfield>
    <subfield code="d">2017-02-09</subfield>
    <subfield code="e">BPPD/EN/2016-17/300/24.11.2016/IN339/02.12.2016/4.01.17</subfield>
    <subfield code="g">679.00</subfield>
    <subfield code="l">9</subfield>
    <subfield code="m">4</subfield>
    <subfield code="o">005.133 LIP</subfield>
    <subfield code="p">B-651730</subfield>
    <subfield code="r">2024-12-21 00:00:00</subfield>
    <subfield code="s">2024-12-10</subfield>
    <subfield code="t">1</subfield>
    <subfield code="v">679.00</subfield>
    <subfield code="y">EN</subfield>
  </datafield>
  <datafield tag="952" ind1=" " ind2=" ">
    <subfield code="0">0</subfield>
    <subfield code="1">0</subfield>
    <subfield code="4">0</subfield>
    <subfield code="7">0</subfield>
    <subfield code="8">NFIC</subfield>
    <subfield code="a">YV</subfield>
    <subfield code="b">YV</subfield>
    <subfield code="d">2017-02-09</subfield>
    <subfield code="e">BPPD/EN/2016-17/300/24.11.2016/IN339/02.12.2016/4.01.17</subfield>
    <subfield code="g">679.00</subfield>
    <subfield code="l">2</subfield>
    <subfield code="m">1</subfield>
    <subfield code="o">005.133 LIP</subfield>
    <subfield code="p">B-651731</subfield>
    <subfield code="r">2022-10-13 00:00:00</subfield>
    <subfield code="s">2022-09-30</subfield>
    <subfield code="t">1</subfield>
    <subfield code="v">679.00</subfield>
    <subfield code="y">EN</subfield>
  </datafield>
  <datafield tag="952" ind1=" " ind2=" ">
    <subfield code="0">0</subfield>
    <subfield code="1">0</subfield>
    <subfield code="4">0</subfield>
    <subfield code="7">0</subfield>
    <subfield code="8">NFIC</subfield>
    <subfield code="a">AV</subfield>
    <subfield code="b">AV</subfield>
    <subfield code="d">2017-07-19</subfield>
    <subfield code="e">BPPD/EN/2016-17/AV/2016-17/466/15.02.2017/567/28.02.2017/10.03.17</subfield>
    <subfield code="g">679.00</subfield>
    <subfield code="l">4</subfield>
    <subfield code="m">1</subfield>
    <subfield code="o">005.133 LIP</subfield>
    <subfield code="p">B-666212</subfield>
    <subfield code="r">2023-05-30 00:00:00</subfield>
    <subfield code="s">2023-05-26</subfield>
    <subfield code="t">1</subfield>
    <subfield code="v">679.00</subfield>
    <subfield code="w">2017-07-19</subfield>
    <subfield code="y">EN</subfield>
  </datafield>
</record>
